| 000 | 00516nam a22001817a 4500 | ||
|---|---|---|---|
| 003 | OSt | ||
| 008 | 250801b |||||||| |||| 00| 0 eng d | ||
| 020 | _a9789364407243 | ||
| 082 | _a332.6 KUF | ||
| 100 | _aKUMAR, Deepak and BINDLISH, Mohit | ||
| 245 | _aFundamentals of Investing For B.Com. (NEP) 3rd Sem. Kurukshetra University, Kurukshetra | ||
| 250 | _aReprint | ||
| 260 |
_aNew Delhi, _bKalyani Publishers, _c2025, |
||
| 300 | _aMISC., | ||
| 650 | _aCommerce | ||
| 700 | _aSEEMA, Singhal | ||
| 942 |
_2ddc _cBK |
||
| 999 |
_c13681 _d13681 |
||